A general view of the agriculture of the East-Riding of Yorkshire published by order of the Board of Agriculture (Record no. 113610)
[ view plain ]
| 000 -LEADER | |
|---|---|
| fixed length control field | 00801cam a22002055a 4500 |
| 001 - CONTROL NUMBER | |
| control field | L155498 |
| 008 - FIXED-LENGTH DATA ELEMENTS--GENERAL INFORMATION | |
| fixed length control field | 120327s1812 xxk f 000 0 eng d |
| 035 ## - SYSTEM CONTROL NUMBER | |
| System control number | (Sirsi) u155498 |
| 041 0# - LANGUAGE CODE | |
| Language code of text/sound track or separate title | eng |
| 100 1# - MAIN ENTRY--PERSONAL NAME | |
| Personal name | Strickland, H. E. |
| Fuller form of name | (Henry Eustasius) |
| 245 02 - TITLE STATEMENT | |
| Title | A general view of the agriculture of the East-Riding of Yorkshire published by order of the Board of Agriculture |
| 260 ## - PUBLICATION, DISTRIBUTION, ETC. | |
| Place of publication, distribution, etc. | York |
| Name of publisher, distributor, etc. | Printed for the Author |
| Date of publication, distribution, etc. | 1812 |
| 300 ## - PHYSICAL DESCRIPTION | |
| Extent | viii, 332, [1] p., [4] folded leaves of plates, [6] leaves of plates |
| Other physical details | ill. (part. col.), tables, map |
| Dimensions | 22 cm. |
| 520 ## - SUMMARY, ETC. | |
| Summary, etc. | Caption title: Agricultural survey of the East-Riding of Yorkshire. |
| 583 ## - ACTION NOTE | |
| Action | Condition reviewed |
| Time/date of action | 20120620 |
| Status | condition level 3 |
| 651 #4 - SUBJECT ADDED ENTRY--GEOGRAPHIC NAME | |
| Geographic name | England |
| Chronological subdivision | 886- |
| 690 ## - LOCAL SUBJECT ADDED ENTRY--TOPICAL TERM (OCLC, RLIN) | |
| Topical term or geographic name as entry element | Rural |
| 9 (RLIN) | 6268 |
| 710 1# - ADDED ENTRY--CORPORATE NAME | |
| Corporate name or jurisdiction name as entry element | Board of Agriculture |
| 942 ## - ADDED ENTRY ELEMENTS (KOHA) | |
| Suppress in OPAC | 0 |
| Withdrawn status | Lost status | Damaged status | Not for loan | Home library | Current library | Shelving location | Date acquired | Total Checkouts | Full call number | Barcode | Date last seen | Copy number | Price effective from | Koha item type |
|---|---|---|---|---|---|---|---|---|---|---|---|---|---|---|
| Historic collection | Historic collection | Historic collection | 27/03/2012 | REGIONAL OCTAVO 1812 STRICKLAND | 30075357 | 26/08/2025 | 1 | 06/08/2019 | Book |